Sobrané spisy Martina Kukučína Sväzok VII Rohy Tri roje cez deň Veľkou lyžicou Vianočné oplátky Dve cesty

Bibliographic Details
Main Author: Kukučín, Martin, 1860-1928 (Author)
Format: Book
Language:Slovak
PhysicalDescription:174 s. 18 cm
Published: V Turčianskom Sv. Martine Kníhtlačiarsky účastinársky spolok 1921
Edition:[1. vyd.]
Series:Kukučín, Martin, 1860-1928 Sobrané spisy
Subjects:

MARC

LEADER 00000cam a2200000 a 4500
001 vtls001456542
003 SK-MaSNL
005 20260302002349.0
008 240226s1921 xo 000 f slo
015 |a SNBA19191938-005926 
035 |a SNK000411849 
035 |a urn:nbn:sk:snk-am3icfk 
035 |a urn:nbn:sk:snk-am00e2w8 
035 |a F3130D4B-EE68-4915-AEBC-92F19A88C2C7 
040 |a SNK  |b slo  |c SNK  |e AACR2 
041 0 |a slo 
044 |a xo  |c SK 
072 7 |a 821.162.4-3  |x Slovenská próza  |2 konspekt 
080 |a 821.162.4-32  |2 2001 
080 |a (081.1)  |2 2001 
100 1 |a Kukučín, Martin,  |d 1860-1928  |4 aut  |9 100266 
245 1 0 |a Sobrané spisy Martina Kukučína  |n Sväzok VII  |p Rohy  |p Tri roje cez deň  |p Veľkou lyžicou  |p Vianočné oplátky  |p Dve cesty  |c Martin Kukučín 
250 |a [1. vyd.] 
260 |a V Turčianskom Sv. Martine  |b Kníhtlačiarsky účastinársky spolok  |c 1921 
300 |a 174 s.  |c 18 cm 
490 1 |a Sobrané spisy Martina Kukučína  |v sväzok 7. 
500 |a Obsahuje 5 próz 
655 7 |a slovenské poviedky  |2 SNKPH  |9 70226 
655 7 |a Slovak stories  |2 SNKPHeng  |9 277112 
655 7 |a slovenské novely  |2 SNKPH  |9 70570 
655 7 |a Slovak novellas  |2 SNKPHeng  |9 286713 
655 7 |a zobrané spisy  |2 SNKPH  |9 70576 
655 7 |a Collected works  |2 SNKPHeng  |9 286653 
740 0 2 |a Rohy 
740 0 2 |a Tri roje cez deň 
740 0 2 |a Veľkou lyžicou 
740 0 2 |a Vianočné oplátky 
740 0 2 |a Dve cesty 
752 |a Slovensko  |d Martin 
800 1 |a Kukučín, Martin,  |d 1860-1928  |t Sobrané spisy 
954 |a beletria pôvodná (slovenská)  |2 lita 
958 |a LX 
958 |a ONDV 
999 |c 987739  |d 989669 
952 |a SNK  |b SNK  |y PREZ  |7 0  |p 17A0860956  |o snkSD 643/7  |i snk154/28  |0 0  |1 0  |4 0  |d 2013-04-24  |f 1  |l 0  |r 2025-10-20 00:00:00  |w 2026-02-24 
952 |t P60, <04>, [BOOK], {604}  |a SNK  |b SNK  |y VYP  |7 0  |p 17A0388714  |o snkSD 643/7 D4  |i snkK 3804/65  |8 3  |0 0  |1 0  |4 0  |d 2003-07-11  |l 0  |r 2005-01-02 00:00:00  |w 2026-02-24 
952 |a SNK  |b SNK  |y VYP  |7 0  |p 17A0388713  |o snkSD 643/7 D2  |i snkVI. 1840/55  |3 Uvoľnené listy  |0 0  |1 0  |4 0  |d 2003-07-11  |l 0  |r 2005-01-02 00:00:00  |w 2026-02-24 
952 |t P60, <04>, [BOOK], {604}  |a SNK  |b SNK  |y VYP  |7 0  |p 17A0388712  |o snkSD 663/7 D3  |i snkKSK 211/56  |8 3  |0 0  |1 0  |4 0  |d 2003-07-11  |l 0  |r 2005-01-02 00:00:00  |w 2026-02-24